| 000 | 00630nam a2200181Ia 4500 | ||
|---|---|---|---|
| 003 | GCL | ||
| 005 | 20240530103338.0 | ||
| 008 | 140319s9999 xx 000 0 ara d | ||
| 040 |
_aGCL / _cGCL |
||
| 082 | 0 | 4 |
_a962.044 _bق/م س |
| 100 | 1 | _aمحمد سيد كيلانى | |
| 245 | 1 | 0 |
_aالسلطان حسين كامل : _bفترة مظلمة فى تاريخ مصر / _cمحمد سيد كيلانى |
| 260 |
_aالقاهرة : _bدار الفرجانى |
||
| 300 |
_a342 ص ؛ _c19 سم |
||
| 650 | 0 | 4 |
_aمصر _vتاريخ _xالعصر الحديث |
| 650 | 0 | 4 | _aالسلطان حسين كامل (1914 - 1917 ) |
| 942 |
_2ddc _cBK |
||
| 999 |
_c38691 _d38691 |
||